000 00315nam a22001337a 4500
008 170907b xxu||||| |||| 00| 0 eng d
020 _a9780823045488
041 _aeng
080 _a72
100 _a41
101 _aARK
245 _aRESTORING OLD BUILDINGS FOR CONTEMPORARY
_cSHOPSIN.W.C
942 _2udc
_cBK
999 _c26531
_d26531